000 00335nam a22001457a 4500
008 221004b ||||| |||| 00| 0 eng d
020 _a9780273704324
041 _aeng
080 _2fourth edition
_a338
082 _a338 MAY
100 _a23.1
101 _aMENAXHMENT
245 _aPROJECT MANAGEMENT
_cMAYLOR H
942 _2udc
_cBK
999 _c58334
_d58334